Plakat-Werbung. <Die> Wirkung vor dem Anschlag testen.

Požiadavky na účinnosť plagátu. Komunikácia plagátovej reklamy v čase, na vzdialenosť, v meniacej sa situácii. Testovanie účinnosti reklamy v rôznych fázach vývoja plagátu. Cieľové skupiny a skúška účinnosti plagátu. Veľkoplošné plagáty a poster. Náklady na testovanie účinnosti plagátov.

Salvato in:
Dettagli Bibliografici
Autore principale: Wettig, H.
Natura: Capitolo di libro
Lingua:tedesco
Soggetti:
Tags: Aggiungi Tag
Nessun Tag, puoi essere il primo ad aggiungerne!!

MARC

LEADER 00000naa a2200000 4500
001 r010707
005 20221130113118.6
041 0 |a ger 
044 |a DE 
245 1 0 |a Plakat-Werbung.  |b <Die> Wirkung vor dem Anschlag testen.  |c H. Wettig 
520 |a Požiadavky na účinnosť plagátu. Komunikácia plagátovej reklamy v čase, na vzdialenosť, v meniacej sa situácii. Testovanie účinnosti reklamy v rôznych fázach vývoja plagátu. Cieľové skupiny a skúška účinnosti plagátu. Veľkoplošné plagáty a poster. Náklady na testovanie účinnosti plagátov. 
610 2 0 |a reklama 
610 2 0 |a testy 
610 2 0 |a spotrebitelia 
610 2 0 |a komunikácia 
610 2 0 |a náklady 
610 2 0 |a psychológia predaja 
610 2 0 |a prostriedky reklamné 
100 1 |a Wettig, H.